Linie lotnicze należące do sojuszu Star Allince - Statystyki

Ogólne statystyki
  • Ten quiz został rozwiązany 41 razy
  • Średni wynik to 14 z 25
Statystyki odpowiedzi
państwa linia % Poprawnych
Tajwan EVA Air
94%
Polska LOT
94%
Chiny Air China
87%
Niemcy Lufthansa
87%
Kanada Air Canada
84%
Nowa zelandia Air New Zealand
84%
Indie Air India
77%
Szwajcaria Swiss International Air Lines (SwissAir)
71%
Turcja Turkish Airlines
68%
Japonia All Nippon Airways (ANA)
65%
Austria Austrian Airlines
61%
Etiopia Ethiopian Airlines
61%
Singapur Singapore Airlines
61%
USA United Airlines
61%
Egipt EgyptAir
52%
Portugalia TAP Portugal
52%
Grecja Aegean Airlines
48%
Chorwacja Croatia Airlines
45%
Belgia Brussels Airlines
42%
RPA South African Airways
39%
Kolumbia Avianca
32%
Korea południowa Asiana Airlines
29%
Panama Copa Airlines
23%
Chiny Shenzhen Airlines
10%
Tajlandia Thai Airways International
10%
Nie znaleziono quizów pasujących do podanych kryteriów
Rozkład punktacji
Procent ludzi z każdym wynikiem
Percentyl według liczby udzielonych odpowiedzi
Twoja historia wyników
Nie rozwiązałeś tego quizu